Drapeaux ayant le Pourcentage le plus élevé de chaque Couleur - Statistiques

Statistiques générales
  • Ce quiz a été pris 50 fois
  • Le résultat moyen est 3 sur 11
Statistiques - réponses
Flag Percentage Country % Correct
Rouge 97% Chine
89%
Bleu 97% Micronésie
39%
Blanc 87% Chypre
36%
Vert 93% Arabie Saoudite
32%
Orange 39% Bhoutan
23%
Rose 0.1% Espagne
16%
Pourpre 0.3% Dominique
14%
Jaune 53% Brunei
11%
Noir 48% Libye
11%
Gris 2% Vatican
5%
Marron 6% Andorre
0%
Aucun quiz correspondant
Distribution des résultats
% des personnes avec chaque résultat
Percentile par nombre de réponses
Votre historique - résultats
Vous n’avez pas pris ce quiz